Gramática de las lenguas zapoteca-serrana y zapoteca del valle / (Record no. 163414)

MARC details
000 -LEADER
campo de control de longitud fija 01129nam a2200241 i 4500
001 - NÚMERO DE CONTROL
campo de control 163414
003 - IDENTIFICADOR DE NÚMERO DE CONTROL
campo de control ES-MaACL
005 - FECHA Y HORA DE LA ÚLTIMA TRANSACCIÓN
campo de control 20230906212732.0
008 - DATOS DE LONGITUD FIJA--INFORMACIÓN GENERAL
campo de control de longitud fija 990528s1891 mx |||| | spa d
040 ## - FUENTE DE CATALOGACIÓN
Centro catalogador/agencia de origen CCPB | B
Lengua de catalogación spa
Centro/agencia transcriptor CCPB | B
080 ## - NÚMERO DE LA CLASIFICACIÓN DECIMAL UNIVERSAL
Número de la Clasificación Decimal Universal (72)
080 ## - NÚMERO DE LA CLASIFICACIÓN DECIMAL UNIVERSAL
Número de la Clasificación Decimal Universal 811.823.7'36
100 1# - ENTRADA PRINCIPAL--NOMBRE DE PERSONA
Nombre de persona Reyes, Gaspar de los.
9 (RLIN) 131756
245 10 - MENCIÓN DEL TÍTULO
Título Gramática de las lenguas zapoteca-serrana y zapoteca del valle /
Mención de responsabilidad, etc. por Gaspar de los Reyes ; mandada imprimir por ... Gregorio Chávez, Gobernador Constitucional ... de Oaxaca y ... Agustín Canseco, Secretario del Gobierno ... ; dirigida la impresión por ... Francisco Belmar.
260 ## - PUBLICACIÓN, DISTRIBUCIÓN, ETC.
Lugar de publicación, distribución, etc. Oaxaca :
Nombre del editor, distribuidor, etc. [s.n.],
Fecha de publicación, distribución, etc. 1891 (
Fabricante Imp. del Estado, a cargo de Ignacio Candiani)
300 ## - DESCRIPCIÓN FÍSICA
Extensión 100 [i.e. 104] p. ;
Dimensiones 22 cm.
530 ## - NOTA DISPONIBLE DE FORMULARIO FÍSICO ADICIONAL
Nota de formato físico adicional disponible Disponible en formato digital.
597 ## - NOTA DE DESCRIPCIÓN FÍSICA
NOTA DE DESCRIPCIÓN FÍSICA Error de pag.: pasa de p. 104 a p. 101.
650 #4 - PUNTO DE ACCESO ADICIONAL DE MATERIA--TÉRMINO DE MATERIA
Término de materia o nombre geográfico como elemento de entrada Lengua zapoteca-
Subdivisión general Gramática.
9 (RLIN) 136375
700 1# - ENTRADA AGREGADA--NOMBRE PERSONAL
Nombre de persona Belmar, Francisco.
9 (RLIN) 125903
852 ## - LOCALIZACIÓN
Ubicación ES-MaACL
Número de control de estantería G-2662(1)
Nota libre -- Enc. hol.
-- .- Enc. en un vol. facticio
856 ## - LOCALIZACIÓN Y ACCESO ELECTRÓNICOS
Identificador Uniforme de Recursos <a href="http://bdh-rd.bne.es/viewer.vm?id=0000121410&page=1 ">http://bdh-rd.bne.es/viewer.vm?id=0000121410&page=1 </a>
Nota pública Biblioteca Digital Hispánica
Holdings
Estatus retirado Estado de pérdida Estado de daño No para préstamo Colección Biblioteca de origen Biblioteca actual Ubicación en estantería Fecha de adquisición Total de préstamos Signatura topográfica completa Código de barras Visto por última vez Precio de reemplazo Tipo de ítem Koha
        Colección digital Biblioteca del Ateneo de Madrid Biblioteca del Ateneo de Madrid Depósito 2 17/01/2008   G-2662(1) 1171243 23/02/2023 23/02/2023 Libro impreso antiguo